[Event "25. Torneo San Viator 2015 - Torneo B"]
[Site "Madrid ESP"]
[Date "2015.10.25"]
[Round "5.10"]
[White "Rojo Jorge, Angel"]
[Black "Tudela Garcia, Antonio"]
[Result "0-1"]
[WhiteElo "1364"]
[BlackElo "1632"]
[PlyCount "88"]
[EventDate "2015.10.04"]
[EventType "swiss"]
[EventRounds "9"]
[EventCountry "ESP"]
[Source "lmi"]
[SourceDate "2015.10.04"]

1. Nf3 Nf6 2. c4 b6 3. g3 Bb7 4. Bg2 e6 5. O-O Be7 6. b3 d6 7. Bb2 Nbd7 8. d4
O-O 9. Nc3 Ne4 10. Qd3 Nxc3 11. Qxc3 Nf6 12. a4 a5 13. Ba3 c5 14. dxc5 dxc5 15.
Rad1 Qc7 16. Bb2 Rfd8 17. Rd3 Ne8 18. Rfd1 Rxd3 19. Rxd3 Bf6 20. Qd2 Bxb2 21.
Qxb2 Rd8 22. Qd2 Rxd3 23. Qxd3 Qd6 24. Qxd6 Nxd6 25. Ne5 Bxg2 26. Kxg2 f6 27.
Nd7 Nc8 28. e4 Kf7 29. Nb8 Ke7 30. f4 Kd6 31. e5+ fxe5 32. fxe5+ Kc7 33. Na6+
Kb7 34. Nxc5+ bxc5 35. Kf3 Ne7 36. h4 Nc6 37. Ke4 Nd4 38. Kd3 Nxb3 39. Kc3 Nd4
40. Kd3 Nf5 41. Ke4 Nxg3+ 42. Kf3 Nf5 43. Kg4 Ne3+ 44. Kf4 Nxc4 0-1

[Event "25. Torneo San Viator 2015 - Torneo B"]
[Site "Madrid ESP"]
[Date "2015.10.25"]
[Round "5.11"]
[White "Corral Sanchez, Jesus"]
[Black "Del Noval Perez, Jeronimo"]
[Result "1-0"]
[WhiteElo "1613"]
[BlackElo "1453"]
[PlyCount "93"]
[EventDate "2015.10.04"]
[EventType "swiss"]
[EventRounds "9"]
[EventCountry "ESP"]
[Source "lmi"]
[SourceDate "2015.10.04"]

1. d4 d5 2. Bf4 Nf6 3. Nf3 c5 4. e3 Nc6 5. c3 Qb6 6. Qb3 c4 7. Qxb6 axb6 8.
Nbd2 Bf5 9. Be2 e6 10. h3 b5 11. O-O Be7 12. Ne5 Nxe5 13. Bxe5 O-O 14. Bf3 Nd7
15. Bg3 Nb6 16. Bd1 Na4 17. Bxa4 bxa4 18. a3 Ra6 19. Rfe1 Rb6 20. Ra2 Bd6 21.
e4 Bxg3 22. fxg3 Bg6 23. Re2 f6 24. g4 dxe4 25. Nxe4 Bxe4 26. Rxe4 g5 27. Re2
Re8 28. Ra1 Kf7 29. Rd1 e5 30. d5 Rd8 31. Kf2 Rb5 32. Red2 Rd6 33. Ke3 Kg6 34.
Ke4 h6 35. g3 b6 36. h4 gxh4 37. gxh4 h5 38. gxh5+ Kxh5 39. Kf5 Kxh4 40. Rg2
Kh3 41. Rg8 Kh2 42. Rdg1 Rxb2 43. R1g7 Rf2+ 44. Ke4 Rf4+ 45. Ke3 Kh3 46. Rg3+
Kh4 47. Rg1 1-0

[Event "25. Torneo San Viator 2015 - Torneo B"]
[Site "Madrid ESP"]
[Date "2015.10.25"]
[Round "5.12"]
[White "Castro Uceda, Jose Antonio"]
[Black "Garcia Rojas, Juan Carlos"]
[Result "1/2-1/2"]
[WhiteElo "1582"]
[BlackElo "1489"]
[PlyCount "87"]
[EventDate "2015.10.04"]
[EventType "swiss"]
[EventRounds "9"]
[EventCountry "ESP"]
[Source "lmi"]
[SourceDate "2015.10.04"]

1. d4 d5 2. c4 c6 3. e3 Nf6 4. Nc3 e6 5. Nf3 Bb4 6. a3 Bxc3+ 7. bxc3 Ne4 8. Qc2
g6 9. Bd3 Nd6 10. cxd5 exd5 11. O-O O-O 12. Re1 Nd7 13. e4 dxe4 14. Bxe4 Nxe4
15. Qxe4 Nf6 16. Qe7 Qxe7 17. Rxe7 Nd5 18. Re5 Nxc3 19. Bh6 Rd8 20. Rae1 Bd7
21. h3 Re8 22. Re7 Red8 23. Ng5 Be8 24. Rxb7 Nd5 25. Nf3 a6 26. Ne5 Rdb8 27.
Reb1 Rc8 28. Nc4 c5 29. dxc5 Bb5 30. Nd6 Rc7 31. Rxc7 Nxc7 32. Re1 Ne6 33. Rc1
Nd4 34. Rd1 Ne6 35. Ne4 Rc8 36. f3 Bc6 37. Nf6+ Kh8 38. Nd7 Rd8 39. Rd6 Bxd7
40. c6 Bc8 41. Rxd8+ Nxd8 42. c7 Ne6 43. Be3 Nxc7 44. Bf4 1/2-1/2

[Event "25. Torneo San Viator 2015 - Torneo B"]
[Site "Madrid ESP"]
[Date "2015.10.25"]
[Round "5.13"]
[White "Tenorio Garcia, Joel"]
[Black "Ramos Antona, Enrique"]
[Result "0-1"]
[WhiteElo "1277"]
[BlackElo "1577"]
[PlyCount "38"]
[EventDate "2015.10.04"]
[EventType "swiss"]
[EventRounds "9"]
[EventCountry "ESP"]
[Source "lmi"]
[SourceDate "2015.10.04"]

1. e4 d6 2. d4 Nf6 3. Nc3 g6 4. Nf3 Bg7 5. Bg5 c5 6. dxc5 Qa5 7. cxd6 Nxe4 8.
dxe7 Nxg5 9. Nxg5 Bxc3+ 10. bxc3 Qxc3+ 11. Ke2 Qe5+ 12. Kf3 Qxe7 13. Qd4 O-O
14. Qh4 Qf6+ 15. Qf4 Qxa1 16. Nxf7 Qc3+ 17. Ke2 Re8+ 18. Qe3 Rxe3+ 19. fxe3
Kxf7 0-1

[Event "25. Torneo San Viator 2015 - Torneo B"]
[Site "Madrid ESP"]
[Date "2015.10.25"]
[Round "5.15"]
[White "Salgado Duarte, Pablo"]
[Black "Bellagamba, Pascal"]
[Result "0-1"]
[WhiteElo "1486"]
[BlackElo "1643"]
[PlyCount "74"]
[EventDate "2015.10.04"]
[EventType "swiss"]
[EventRounds "9"]
[EventCountry "ESP"]
[Source "lmi"]
[SourceDate "2015.10.04"]

1. d4 Nf6 2. c4 g6 3. Nc3 Bg7 4. e4 d6 5. Nf3 O-O 6. h3 c6 7. Bd3 a6 8. O-O Re8
9. Be3 b5 10. a3 e5 11. d5 cxd5 12. cxd5 h6 13. Nd2 g5 14. Rc1 Nbd7 15. Na2 Bb7
16. Nb4 Rc8 17. f3 Nc5 18. Nb3 Bf8 19. Be2 Nh5 20. Nxc5 dxc5 21. Nd3 c4 22. Nf2
Nf4 23. Bxf4 gxf4 24. Qc2 Bc5 25. Kh1 Kh7 26. a4 Rg8 27. Bd1 h5 28. Kh2 Qg5 29.
Nh1 Qf6 30. Re1 Rg6 31. Re2 Qb6 32. Nf2 Rcg8 33. Ng4 hxg4 34. fxg4 Rxg4 35. Rd2
Rg3 36. Bf3 Qg6 37. Bg4 Rxg4 0-1

[Event "25. Torneo San Viator 2015 - Torneo B"]
[Site "Madrid ESP"]
[Date "2015.10.25"]
[Round "5.16"]
[White "Sanchez Sanchez, Cesar"]
[Black "Benitez Robles, Antonio"]
[Result "1/2-1/2"]
[WhiteElo "1800"]
[BlackElo "1425"]
[PlyCount "48"]
[EventDate "2015.10.04"]
[EventType "swiss"]
[EventRounds "9"]
[EventCountry "ESP"]
[Source "lmi"]
[SourceDate "2015.10.04"]

1. d4 Nf6 2. Bf4 g6 3. Nf3 Bg7 4. e3 d6 5. Bd3 O-O 6. c3 Nbd7 7. Qc2 Re8 8.
Nbd2 e5 9. dxe5 dxe5 10. Bg3 b6 11. Bb5 Nh5 12. Bh4 Nhf6 13. Ne4 a6 14. Bc6 Ra7
15. Rd1 Re6 16. Nxf6+ Bxf6 17. Bxf6 Rxf6 18. Nxe5 Rd6 19. Nxd7 Bxd7 20. Bxd7
Rxd7 21. Rxd7 Qxd7 22. Qd2 Qb5 23. Qd8+ Kg7 24. Qd4+ Kf8 1/2-1/2

[Event "25. Torneo San Viator 2015 - Torneo B"]
[Site "Madrid ESP"]
[Date "2015.10.25"]
[Round "5.17"]
[White "Jimenez Perez, Federico"]
[Black "Blanco Ruiz, Cesar"]
[Result "0-1"]
[WhiteElo "1371"]
[BlackElo "1630"]
[PlyCount "36"]
[EventDate "2015.10.04"]
[EventType "swiss"]
[EventRounds "9"]
[EventCountry "ESP"]
[Source "lmi"]
[SourceDate "2015.10.04"]

1. e4 e6 2. d4 d5 3. e5 c5 4. c3 Nc6 5. Nf3 Bd7 6. Bd3 Rc8 7. O-O cxd4 8. cxd4
Nb4 9. Bg5 Qb6 10. b3 Nxd3 11. a4 Nb4 12. Na3 a6 13. Bd2 Nc6 14. a5 Qd8 15. Bg5
Be7 16. Bxe7 Ngxe7 17. Nc2 Nxa5 18. Qd3 Bb5 0-1

[Event "25. Torneo San Viator 2015 - Torneo B"]
[Site "Madrid ESP"]
[Date "2015.10.25"]
[Round "5.18"]
[White "Comeron Galan, Daniel"]
[Black "Cabello Rodriguez, Raul"]
[Result "0-1"]
[WhiteElo "1356"]
[BlackElo "1615"]
[PlyCount "42"]
[EventDate "2015.10.04"]
[EventType "swiss"]
[EventRounds "9"]
[EventCountry "ESP"]
[Source "lmi"]
[SourceDate "2015.10.04"]

1. d4 Nf6 2. Bf4 e6 3. Nf3 b6 4. e3 Bb7 5. c3 c5 6. h3 Nc6 7. Bd3 d5 8. Ne5 c4
9. Be2 Be7 10. Nd2 Nxe5 11. Bxe5 Bd6 12. Nf3 Bxe5 13. Nxe5 b5 14. O-O Nd7 15.
Nxd7 Qxd7 16. a4 a6 17. Qc2 O-O 18. Rfc1 Qc6 19. b3 f6 20. bxc4 dxc4 21. Rab1
Qxg2# 0-1

[Event "25. Torneo San Viator 2015 - Torneo B"]
[Site "Madrid ESP"]
[Date "2015.10.25"]
[Round "5.19"]
[White "Mora Gonzalez-Rojas, Francisco"]
[Black "Sirera Andres, Dario"]
[Result "0-1"]
[WhiteElo "1557"]
[BlackElo "1360"]
[PlyCount "56"]
[EventDate "2015.10.04"]
[EventType "swiss"]
[EventRounds "9"]
[EventCountry "ESP"]
[Source "lmi"]
[SourceDate "2015.10.04"]

1. d4 d5 2. Nc3 e6 3. a3 Nf6 4. Bf4 Be7 5. Nb5 Bd6 6. Nxd6+ cxd6 7. h3 Nc6 8.
e3 e5 9. dxe5 dxe5 10. Bg5 Be6 11. Bb5 Rc8 12. Nf3 Qa5+ 13. c3 Qxb5 14. Qc1 Na5
15. a4 Qb6 16. Ra3 d4 17. exd4 Nc4 18. Ra2 Nd2 19. Ra3 Nxf3+ 20. gxf3 exd4 21.
Bd2 O-O 22. O-O Bxh3 23. Re1 Ng4 24. fxg4 Qc6 25. f3 Qxf3 26. Re2 Qxe2 27. Qf1
Qxf1+ 28. Kh2 Qg2# 0-1

[Event "25. Torneo San Viator 2015 - Torneo B"]
[Site "Madrid ESP"]
[Date "2015.10.25"]
[Round "5.20"]
[White "Jimenez Sanchez, Juan Daniel"]
[Black "Fernandez Rodriguez, Alberto"]
[Result "0-1"]
[WhiteElo "1331"]
[BlackElo "1520"]
[PlyCount "120"]
[EventDate "2015.10.04"]
[EventType "swiss"]
[EventRounds "9"]
[EventCountry "ESP"]
[Source "lmi"]
[SourceDate "2015.10.04"]

1. d4 Nf6 2. c4 g6 3. Nf3 Bg7 4. Nc3 O-O 5. e4 d6 6. Be2 c5 7. e5 dxe5 8. dxe5
Qxd1+ 9. Bxd1 Ng4 10. Nd5 Nc6 11. Bg5 e6 12. Nf6+ Nxf6 13. exf6 Bh8 14. O-O b6
15. Ba4 Bb7 16. Rad1 Rfd8 17. Bxc6 Bxc6 18. Ne5 Bb7 19. Ng4 h5 20. Ne5 Be4 21.
f3 Bc2 22. Rd7 Rxd7 23. Nxd7 Rd8 24. Ne5 Rd4 25. Rc1 Rd1+ 26. Rxd1 Bxd1 27. Kf2
Bc2 28. g4 hxg4 29. Nxg4 Kh7 30. Nh6 Bxf6 31. Bxf6 Kxh6 32. Ke3 g5 33. Kd2 Ba4
34. b3 Bc6 35. Ke3 Kg6 36. Be5 b5 37. cxb5 Bxb5 38. a4 Bc6 39. Bd6 a6 40. Bxc5
Kf5 41. Bd6 e5 42. a5 e4 43. fxe4+ Bxe4 44. b4 Bc6 45. Kd4 Kg4 46. Kc5 Bb5 47.
Kd5 f5 48. Kd4 f4 49. Ke4 Bc6+ 50. Ke5 f3 51. Bc5 Kh3 52. Kf5 g4 53. Bf2 Kxh2
54. Kxg4 Kg2 55. Bc5 f2 56. Bxf2 Kxf2 57. Kf4 Ke2 58. Ke5 Kd3 59. Kd6 Bb5 60.
Kc5 Kc3 0-1

[Event "25. Torneo San Viator 2015 - Torneo B"]
[Site "Madrid ESP"]
[Date "2015.10.25"]
[Round "5.21"]
[White "Garcia Pardo, Maria Del Carmen"]
[Black "Del Rio Perezagua, Mario"]
[Result "0-1"]
[WhiteElo "1322"]
[BlackElo "1487"]
[PlyCount "116"]
[EventDate "2015.10.04"]
[EventType "swiss"]
[EventRounds "9"]
[EventCountry "ESP"]
[Source "lmi"]
[SourceDate "2015.10.04"]

1. e4 c5 2. Nf3 d6 3. d4 cxd4 4. Nxd4 Nf6 5. Nc3 a6 6. Be3 e5 7. Nb3 Be6 8. f3
Be7 9. Qd2 Nbd7 10. g4 b5 11. g5 Nh5 12. O-O-O O-O 13. Kb1 Nb6 14. Bxb6 Qxb6
15. Nd5 Bxd5 16. exd5 a5 17. Bh3 Nf4 18. Bd7 Bxg5 19. Bc6 Ra7 20. Qe1 a4 21.
Nc1 b4 22. Qg1 Qxg1 23. Rhxg1 Bh6 24. Nd3 Rb8 25. Nxf4 Bxf4 26. Rg2 b3 27. cxb3
axb3 28. a3 Ra5 29. Rd3 Rc5 30. Rc3 Rxc3 31. bxc3 b2 32. Rxb2 Rxb2+ 33. Kxb2
Bxh2 34. a4 Bg1 35. Kc2 f5 36. Bd7 g6 37. a5 h5 38. Bb5 g5 39. Bf1 g4 40. Bg2
Kg7 41. Kd2 Kg6 42. Ke1 Kg5 43. Kf1 Bc5 44. a6 Kf4 45. fxg4 fxg4 46. Bh1 h4 47.
Kg2 h3+ 48. Kh2 e4 49. Bxe4 Kxe4 50. Kg3 Bg1 51. c4 Kd3 52. c5 Bxc5 53. Kh2 Ke2
54. Kh1 Kf3 55. Kh2 g3+ 56. Kxh3 g2 57. a7 g1=Q 58. a8=Q Qh1# 0-1

[Event "25. Torneo San Viator 2015 - Torneo B"]
[Site "Madrid ESP"]
[Date "2015.10.25"]
[Round "5.22"]
[White "Fogue Angelina, Hugo"]
[Black "Gallego Romero, Manuel"]
[Result "1-0"]
[WhiteElo "1273"]
[BlackElo "1482"]
[PlyCount "75"]
[EventDate "2015.10.04"]
[EventType "swiss"]
[EventRounds "9"]
[EventCountry "ESP"]
[Source "lmi"]
[SourceDate "2015.10.04"]

1. e4 e6 2. d4 d5 3. exd5 exd5 4. Be3 Nf6 5. Nd2 Bb4 6. c3 Bd6 7. Ngf3 O-O 8.
h3 Re8 9. Be2 Rxe3 10. fxe3 Bg3+ 11. Kf1 Ne4 12. Qc2 Bf5 13. Bd3 Qe7 14. Ke2
Nd7 15. Nf1 Bd6 16. g4 Bg6 17. Rg1 Re8 18. Re1 c5 19. Qc1 Ng5 20. Nxg5 Qxg5 21.
Bxg6 Qxg6 22. Kd1 Qf6 23. Ng3 Qf3+ 24. Ne2 Rxe3 25. Qc2 Bf4 26. Ref1 Rd3+ 27.
Ke1 Qxh3 28. Rxf4 c4 29. Rgf1 Nf6 30. g5 Ne4 31. Qa4 h6 32. Qe8+ Kh7 33. Qxf7
Rd1+ 34. Kxd1 Qd3+ 35. Kc1 Qd2+ 36. Kb1 Qd3+ 37. Ka1 Nxg5 38. Qf5+ 1-0

[Event "25. Torneo San Viator 2015 - Torneo B"]
[Site "Madrid ESP"]
[Date "2015.10.25"]
[Round "5.23"]
[White "Rivera Rodriguez, Luis Fernand"]
[Black "Aguilera Prada, Alejandro"]
[Result "1/2-1/2"]
[WhiteElo "1245"]
[BlackElo "1426"]
[PlyCount "89"]
[EventDate "2015.10.04"]
[EventType "swiss"]
[EventRounds "9"]
[EventCountry "ESP"]
[Source "lmi"]
[SourceDate "2015.10.04"]

1. e4 d6 2. Nf3 Nf6 3. Nc3 g6 4. Bc4 Bg7 5. d3 O-O 6. Be3 c5 7. Qd2 Nbd7 8. h3
Nb6 9. Bb3 Qc7 10. Nb5 Qc6 11. Nc3 c4 12. Bxb6 cxb3 13. Be3 bxc2 14. Qxc2 e5
15. Qd2 Be6 16. Rc1 Rac8 17. Ke2 b6 18. h4 Qd7 19. Ng5 Nh5 20. Nxe6 fxe6 21.
Bh6 Qf7 22. Rhf1 Nf4+ 23. Bxf4 exf4 24. f3 Bd4 25. Rc2 a6 26. a4 Rc5 27. b4 Rh5
28. Rh1 Qf6 29. b5 a5 30. Nd1 Rxh4 31. Rxh4 Qxh4 32. Qc1 Qh2 33. Rc8 Qxg2+ 34.
Ke1 Qg1+ 35. Ke2 Qg2+ 36. Ke1 Qxf3 37. Rxf8+ Kxf8 38. Qc8+ Kg7 39. Qxe6 Qh1+
40. Kd2 Qg2+ 41. Ke1 f3 42. Qe7+ Kh6 43. Qh4+ Kg7 44. Qe7+ Kh6 45. Qh4+ 1/2-1/2

[Event "25. Torneo San Viator 2015 - Torneo B"]
[Site "Madrid ESP"]
[Date "2015.10.25"]
[Round "5.24"]
[White "Berlana San Segundo, Miguel"]
[Black "Perez Perez, Marta"]
[Result "1-0"]
[WhiteElo "1527"]
[BlackElo "1338"]
[PlyCount "109"]
[EventDate "2015.10.04"]
[EventType "swiss"]
[EventRounds "9"]
[EventCountry "ESP"]
[Source "lmi"]
[SourceDate "2015.10.04"]

1. e4 e5 2. Nf3 Nc6 3. Bc4 Bc5 4. Nc3 Nf6 5. d3 h6 6. O-O d6 7. h3 O-O 8. a3 a6
9. Qe2 Re8 10. Rd1 Ba7 11. Be3 Be6 12. Nd5 Bxd5 13. Bxd5 Nxd5 14. exd5 Nd4 15.
Bxd4 Bxd4 16. Nxd4 exd4 17. Qg4 Qf6 18. Re1 Re5 19. Re4 Rxd5 20. Qd7 Qd8 21.
Qxd8+ Rxd8 22. Re7 Rc8 23. Rae1 Kf8 24. f4 Rc5 25. R7e2 Rf5 26. g3 Rf6 27. Kf2
Re6 28. Rxe6 fxe6 29. Rxe6 Re8 30. Rxe8+ Kxe8 31. Kf3 d5 32. f5 Kf7 33. Kf4 Kf6
34. g4 c5 35. a4 b5 36. axb5 axb5 37. b3 c4 38. b4 cxd3 39. cxd3 g6 40. fxg6
Kxg6 41. h4 Kf6 42. g5+ hxg5+ 43. hxg5+ Kg6 44. Ke5 Kxg5 45. Kxd5 Kf6 46. Kxd4
Ke7 47. Kc5 Kd7 48. Kxb5 Kc7 49. Kc5 Kb7 50. b5 Kc7 51. b6+ Kb7 52. d4 Kb8 53.
Kc6 Kc8 54. b7+ Kb8 55. d5 1-0

[Event "25. Torneo San Viator 2015 - Torneo B"]
[Site "Madrid ESP"]
[Date "2015.10.25"]
[Round "5.28"]
[White "Lianes Garcia, Alicia"]
[Black "Guillo Sanchez-Galiano, Ernest"]
[Result "1-0"]
[WhiteElo "1359"]
[BlackElo "1201"]
[PlyCount "95"]
[EventDate "2015.10.04"]
[EventType "swiss"]
[EventRounds "9"]
[EventCountry "ESP"]
[Source "lmi"]
[SourceDate "2015.10.04"]

1. e4 c5 2. Nf3 Nc6 3. Bb5 g6 4. d4 cxd4 5. Nxd4 Bg7 6. Be3 a6 7. Bc4 Nf6 8.
Nc3 O-O 9. O-O d6 10. f3 Nxd4 11. Bxd4 b5 12. Bd5 Nxd5 13. Nxd5 e5 14. Bf2 f5
15. Nb6 Rb8 16. Qd5+ Kh8 17. Nxc8 Rxc8 18. c3 fxe4 19. Qxe4 Qd7 20. Rad1 Qe6
21. Qd5 Qxd5 22. Rxd5 Rcd8 23. Rfd1 Rf5 24. Rxd6 Rxd6 25. Rxd6 Rf6 26. Rxf6
Bxf6 27. Bg3 Kg7 28. Kf2 Kf7 29. Ke3 Ke6 30. Ke4 Bg7 31. f4 exf4 32. Bxf4 Bf6
33. Be3 Bg7 34. Bd4 Bh6 35. b3 Bf8 36. c4 Ba3 37. Kf4 Bd6+ 38. Kg4 Bxh2 39. g3
h5+ 40. Kh3 Bxg3 41. Kxg3 Kf5 42. c5 Ke6 43. Kf4 h4 44. Kg4 g5 45. Be3 Kd5 46.
b4 h3 47. Kxh3 Kc4 48. c6 1-0

[Event "25. Torneo San Viator 2015 - Torneo B"]
[Site "Madrid ESP"]
[Date "2015.10.25"]
[Round "5.29"]
[White "Del Noval Nemeshazi, Mario"]
[Black "Carnero Barbulo, Daniel"]
[Result "0-1"]
[WhiteElo "1239"]
[BlackElo "1346"]
[PlyCount "94"]
[EventDate "2015.10.04"]
[EventType "swiss"]
[EventRounds "9"]
[EventCountry "ESP"]
[Source "lmi"]
[SourceDate "2015.10.04"]

1. e4 e6 2. d4 d5 3. e5 c5 4. c3 Nc6 5. Nf3 Qb6 6. a3 Nge7 7. b4 c4 8. Bg5 h6
9. Be3 Nf5 10. Bd2 Nfxd4 11. cxd4 Nxd4 12. Nxd4 Qxd4 13. Bc3 Qf4 14. g3 Qe4+
15. Qe2 Qxh1 16. Nd2 Qxh2 17. Rc1 g6 18. Bb2 Qh5 19. Nf3 Be7 20. Rd1 O-O 21.
Rd4 b6 22. g4 Qh1 23. Bc1 Bg5 24. Bf4 a5 25. Bh2 Ba6 26. Bg1 c3 27. Qd1 Bxf1
28. Kxf1 c2 29. Qxc2 Qxf3 30. Bh2 Rfc8 31. Rd3 Qh1+ 32. Bg1 Rxc2 33. Rd1 Rc1
34. Rxc1 Bxc1 35. bxa5 Rxa5 36. f4 Rxa3 37. g5 Be3 38. gxh6 Ra1+ 39. Ke2 Qxg1
40. h7+ Kxh7 41. Kd3 Ra4 42. f5 Bh6 43. fxg6+ Kxg6 44. Kc3 Qg3+ 45. Kb2 Rf4 46.
Kc2 Rf2+ 47. Kd1 Qg1# 0-1

[Event "25. Torneo San Viator 2015 - Torneo B"]
[Site "Madrid ESP"]
[Date "2015.10.25"]
[Round "5.30"]
[White "Trapero Bueno, Vicente"]
[Black "Blasco Gallardo, Francisco"]
[Result "0-1"]
[WhiteElo "1237"]
[BlackElo "1495"]
[PlyCount "86"]
[EventDate "2015.10.04"]
[EventType "swiss"]
[EventRounds "9"]
[EventCountry "ESP"]
[Source "lmi"]
[SourceDate "2015.10.04"]

1. d4 g6 2. c4 Bg7 3. Nc3 d6 4. e4 Nc6 5. Nf3 Bg4 6. d5 Bxf3 7. Qxf3 Nd4 8. Qd1
c6 9. Be3 c5 10. Ne2 Nxe2 11. Bxe2 Bxb2 12. Rb1 Bc3+ 13. Bd2 Bxd2+ 14. Qxd2 b6
15. Qb2 Nf6 16. e5 dxe5 17. Qxe5 Qd6 18. Qe3 O-O 19. O-O Rae8 20. g4 e6 21. g5
exd5 22. Qd2 Nd7 23. f4 d4 24. Rb3 Qe6 25. Kh1 Qxe2 26. Qxe2 Rxe2 27. a3 Rfe8
28. Kg1 R2e3 29. Rxe3 Rxe3 30. a4 f5 31. Kf2 a5 32. Re1 Rxe1 33. Kxe1 Kg7 34.
Kd2 Nf8 35. Ke2 h6 36. h4 Ne6 37. Kf3 h5 38. Kf2 Nxf4 39. Kf3 Ne6 40. Ke2 Kf7
41. Kf3 Ke7 42. Ke2 Kd6 43. Kf3 Ke5 0-1

[Event "25. Torneo San Viator 2015 - Torneo B"]
[Site "Madrid ESP"]
[Date "2015.10.25"]
[Round "5.31"]
[White "Garcia Pardo, Celia"]
[Black "Estirado De Cabo, Cesar"]
[Result "1/2-1/2"]
[WhiteElo "1020"]
[BlackElo "1435"]
[PlyCount "69"]
[EventDate "2015.10.04"]
[EventType "swiss"]
[EventRounds "9"]
[EventCountry "ESP"]
[Source "lmi"]
[SourceDate "2015.10.04"]

1. e4 c6 2. d4 d5 3. Nc3 dxe4 4. Nxe4 Bf5 5. Ng3 Bg6 6. Nf3 Nd7 7. h4 h6 8. h5
Bh7 9. Be2 Qc7 10. Be3 e6 11. Qd2 Bd6 12. Bd3 Bxd3 13. Qxd3 Bxg3 14. fxg3 Qxg3+
15. Bf2 Qc7 16. O-O-O Ngf6 17. Rh4 Qa5 18. Qb3 O-O-O 19. g4 Nf8 20. Be3 Rd5 21.
c4 Rd7 22. Ne5 Re7 23. g5 N6d7 24. Nxd7 Rxd7 25. gxh6 gxh6 26. Bd2 Qd8 27. Rf4
f6 28. Bc3 Nh7 29. Rdf1 Rf8 30. c5 Qc7 31. Re4 Ng5 32. Ref4 Rd5 33. Re1 Nf7 34.
Rfe4 Ng5 35. Rf4 1/2-1/2

[Event "25. Torneo San Viator 2015 - Torneo B"]
[Site "Madrid ESP"]
[Date "2015.11.01"]
[Round "6.1"]
[White "Serrano Gonzalez, Oscar"]
[Black "Munoz Cebey, Ricardo"]
[Result "0-1"]
[WhiteElo "1665"]
[BlackElo "1693"]
[PlyCount "48"]
[EventDate "2015.10.04"]
[EventType "swiss"]
[EventRounds "9"]
[EventCountry "ESP"]
[Source "lmi"]
[SourceDate "2015.10.04"]

1. e4 c6 2. d4 d5 3. e5 Bf5 4. Nf3 e6 5. Be2 Nd7 6. O-O Bg6 7. c4 dxc4 8. Bxc4
Nb6 9. Bb3 Ne7 10. Nc3 Ned5 11. Be3 Be7 12. Ne2 O-O 13. Nf4 Nxf4 14. Bxf4 Nd5
15. Be3 Qb6 16. Bxd5 cxd5 17. b3 Rfc8 18. Rc1 Ba3 19. Rxc8+ Rxc8 20. Ne1 Qa6
21. Qa1 Bb4 22. a4 h6 23. g4 Qe2 24. h3 Be4 0-1

[Event "25. Torneo San Viator 2015 - Torneo B"]
[Site "Madrid ESP"]
[Date "2015.11.01"]
[Round "6.2"]
[White "Jimenez Manzano, Emiliano"]
[Black "Mateos Cordero, Francisco"]
[Result "0-1"]
[WhiteElo "1550"]
[BlackElo "1627"]
[PlyCount "58"]
[EventDate "2015.10.04"]
[EventType "swiss"]
[EventRounds "9"]
[EventCountry "ESP"]
[Source "lmi"]
[SourceDate "2015.10.04"]

1. e4 c5 2. Nc3 d6 3. d3 Nf6 4. g3 a6 5. Bg2 Nc6 6. Bg5 e6 7. Nge2 Be7 8. O-O
O-O 9. a3 h6 10. Bd2 Qc7 11. Qc1 e5 12. f4 Bg4 13. h3 Bxe2 14. Nxe2 Nd4 15.
Nxd4 cxd4 16. fxe5 Nh5 17. Kh2 dxe5 18. Bxh6 gxh6 19. Qxh6 Ng7 20. h4 Qd6 21.
Qd2 Qg6 22. Rf3 f5 23. Raf1 f4 24. gxf4 Qh6 25. Qc1 Rxf4 26. Rxf4 exf4 27. Qxf4
Qxf4+ 28. Rxf4 Bd6 29. Kg3 Rf8 0-1

[Event "25. Torneo San Viator 2015 - Torneo B"]
[Site "Madrid ESP"]
[Date "2015.11.01"]
[Round "6.3"]
[White "Lopez Nunez, Roberto"]
[Black "Cabezas Lopez, Mercedes"]
[Result "1/2-1/2"]
[WhiteElo "1405"]
[BlackElo "1605"]
[PlyCount "74"]
[EventDate "2015.10.04"]
[EventType "swiss"]
[EventRounds "9"]
[EventCountry "ESP"]
[Source "lmi"]
[SourceDate "2015.10.04"]

1. e4 c5 2. Nf3 Nc6 3. Bb5 a6 4. Bxc6 bxc6 5. Nc3 Nf6 6. d3 d6 7. O-O Bg4 8.
Qe2 e6 9. Qe3 Be7 10. e5 Nd5 11. Nxd5 cxd5 12. exd6 Bxd6 13. Ne5 d4 14. Qe4 Bf5
15. Qc6+ Ke7 16. Qb7+ Qc7 17. Qxc7+ Bxc7 18. Bf4 Bxe5 19. Bxe5 f6 20. Bc7 Rac8
21. Bb6 Rc6 22. Ba5 Rb8 23. b3 Rb5 24. Bd2 Rb8 25. f4 h6 26. Rfe1 Kf7 27. h3 h5
28. Rf1 Re8 29. Rae1 Kg8 30. Re2 Re7 31. Ba5 Bh7 32. g4 hxg4 33. hxg4 g6 34.
Bd8 Rf7 35. Rfe1 Rf8 36. Ba5 Re8 37. Bd2 Kf7 1/2-1/2

[Event "25. Torneo San Viator 2015 - Torneo B"]
[Site "Madrid ESP"]
[Date "2015.11.01"]
[Round "6.4"]
[White "Tudela Garcia, Antonio"]
[Black "Jimenez Alvaro, Angel"]
[Result "0-1"]
[WhiteElo "1632"]
[BlackElo "1742"]
[PlyCount "22"]
[EventDate "2015.10.04"]
[EventType "swiss"]
[EventRounds "9"]
[EventCountry "ESP"]
[Source "lmi"]
[SourceDate "2015.10.04"]

1. e4 e6 2. d4 d5 3. Nd2 Nf6 4. Ngf3 c5 5. c3 Nc6 6. Bb5 cxd4 7. Bxc6+ bxc6 8.
cxd4 Ba6 9. Nb3 Be7 10. Be3 Qb6 11. Qd2 Bb4 0-1

[Event "25. Torneo San Viator 2015 - Torneo B"]
[Site "Madrid ESP"]
[Date "2015.11.01"]
[Round "6.5"]
[White "Ramos Antona, Enrique"]
[Black "San Felipe Gonzalez, Tomas"]
[Result "0-1"]
[WhiteElo "1577"]
[BlackElo "1732"]
[PlyCount "106"]
[EventDate "2015.10.04"]
[EventType "swiss"]
[EventRounds "9"]
[EventCountry "ESP"]
[Source "lmi"]
[SourceDate "2015.10.04"]

1. d4 e6 2. c4 f5 3. g3 Nf6 4. Bg2 d5 5. Nc3 c6 6. cxd5 cxd5 7. Nf3 Bd6 8. O-O
O-O 9. Nb5 Be7 10. Bf4 Na6 11. a3 Bd7 12. Nc3 Ne4 13. Ne5 Rc8 14. Nxd7 Qxd7 15.
Rc1 Nc7 16. Qd3 a6 17. f3 Nd6 18. e4 fxe4 19. fxe4 dxe4 20. Nxe4 Nf5 21. Be5
Nd5 22. g4 Nfe3 23. Rxf8+ Bxf8 24. Rxc8 Qxc8 25. Nc3 Nxg4 26. Bxd5 exd5 27. Qf3
Nxe5 28. Qxd5+ Nf7 29. Ne4 b5 30. Kf2 Qd8 31. Nc3 Qxd5 32. Nxd5 Bd6 33. Ke3
Bxh2 34. Nb4 a5 35. Nc6 Bc7 36. Ke4 g5 37. d5 Nd6+ 38. Kf3 Kg7 39. Nd4 Kf6 40.
Kg4 Bb6 41. Ne6 Be3 42. Nf8 h6 43. Nd7+ Kg7 44. b3 Bd4 45. a4 bxa4 46. bxa4 Kg6
47. Nf8+ Kf7 48. Nd7 Ke7 49. Nb8 Nb7 50. Kh5 Kd6 51. Nc6 Be3 52. Kxh6 g4+ 53.
Kh5 g3 0-1

[Event "25. Torneo San Viator 2015 - Torneo B"]
[Site "Madrid ESP"]
[Date "2015.11.01"]
[Round "6.6"]
[White "Manso Santamaria, Juan Carlos"]
[Black "Bustos Bernardo, Diego"]
[Result "1/2-1/2"]
[WhiteElo "1707"]
[BlackElo "1343"]
[PlyCount "63"]
[EventDate "2015.10.04"]
[EventType "swiss"]
[EventRounds "9"]
[EventCountry "ESP"]
[Source "lmi"]
[SourceDate "2015.10.04"]

1. e4 c5 2. c3 Nf6 3. e5 Nd5 4. Nf3 d6 5. Bc4 Nb6 6. Bb3 Nc6 7. d4 cxd4 8. cxd4
Bg4 9. Bxf7+ Kxf7 10. Ng5+ Ke8 11. Qxg4 Qd7 12. e6 Qc8 13. O-O Nd5 14. Rd1 Nf6
15. Qe2 Nxd4 16. Rxd4 Qxc1+ 17. Rd1 Qxg5 18. Nd2 Rc8 19. Rac1 Rc6 20. Rxc6 bxc6
21. Qa6 Kd8 22. Qxc6 Qd5 23. Qa6 Qxe6 24. Rc1 Ke8 25. Qxa7 g6 26. b4 Bg7 27.
Nf3 h6 28. b5 Nd7 29. b6 Nxb6 30. Qxb6 Qxa2 31. Nd4 Bxd4 32. Qxd4 1/2-1/2